000
00337nam a2200145Ia 4500
008
150301s2015 xx 000 0 und d
082
_a
615.5
_b
H14K
100
_a
KRISHNAMURTHY, V
245
_a
H:-TECH PRACTICE OF HOMOEOPATHY
250
_a
1ST
260
_b
KAMAKALI IND
300
_a
72
650
_a
PHARMACEUTICS
942
_2
ddc
_c
BK
999
_c
7366
_d
7366